Konstrukce a technologie spojovacích zařízení : Přednášky

Uložené v:
Podrobná bibliografia
Hlavný autor: Novák, Josef (Autor)
Médium: Kniha
Jazyk:Czech
Vydavateľské údaje: Praha : České vysoké učení technické v Praze, 1986
Vydanie:1. vyd.
Tagy: Pridať tag
Žiadne tagy, Buďte prvý, kto otaguje tento záznam!

MARC

LEADER 00000nam a22000003a 4500
001 stu25601
005 20150617225743.5
008 980519s1986------------------------cze-d
040 |a STU  |b slo 
041 0 |a cze 
100 1 |a Novák, Josef  |4 aut 
245 1 |a Konstrukce a technologie spojovacích zařízení :  |b Přednášky 
250 |a 1. vyd. 
260 |a Praha :  |b České vysoké učení technické v Praze,  |c 1986 
300 |a 221 s 
996 |b 284ES17008  |c E*S-26799  |l EE01  |s A  |a 24  |w stu25601_0002